| 000 | 00519nam a22002057a 4500 | ||
|---|---|---|---|
| 003 | MPLRDC | ||
| 005 | 20220104201600.0 | ||
| 008 | 210129b ||||| |||| 00| 0 eng d | ||
| 020 | _a7-80145-593-2 | ||
| 082 | _a859.99 MY v.2 | ||
| 100 | _a木易 责任编辑 | ||
| 245 |
_a老狼拔牙 _c |
||
| 250 | _a初版一刷 | ||
| 260 |
_a中国 _b光明日报出版社 _c2005 |
||
| 300 | _b平 | ||
| 490 | _a母子共读丛书 | ||
| 520 | _a上架 2017-07-01。 | ||
| 650 | _a儿童绘本 | ||
| 942 |
_cBK _o859.99 MY v.2 |
||
| 999 |
_c67235 _d67225 |
||